Capital de la República : (Registro nro. 48097)
[ vista simple ]
| 000 -LEADER | |
|---|---|
| campo de control de longitud fija | 00692nam a22001937a 4500 |
| 008 - DATOS DE LONGITUD FIJA--INFORMACIÓN GENERAL | |
| campo de control de longitud fija | 230515s1986 ag ||||| |||| 00| 0 spa d |
| 942 ## - ELEMENTOS DE ENTRADA SECUNDARIOS (KOHA) | |
| Tipo de ítem Koha | Libro |
| 003 - IDENTIFICADOR DE NÚMERO DE CONTROL | |
| campo de control | AR-BaAGN |
| 005 - FECHA Y HORA DE LA ÚLTIMA TRANSACCIÓN | |
| campo de control | 20230517143951.0 |
| 007 - CAMPO FIJO DE DESCRIPCIÓN FÍSICA--INFORMACIÓN GENERAL | |
| campo de control de longitud fija | ta |
| 040 ## - FUENTE DE CATALOGACIÓN | |
| Centro catalogador/agencia de origen | AR-BaAGN |
| Lengua de catalogación | español |
| Normas de descripción | aacr |
| 110 2# - ENTRADA PRINCIPAL--NOMBRE DE ENTIDAD CORPORATIVA | |
| Nombre de entidad corporativa o nombre de jurisdicción como elemento de entrada | Biblioteca del Congreso de la Nación. |
| Unidad subordinada | Dirección de Referencia Legislativa |
| 245 10 - MENCIÓN DEL TÍTULO | |
| Título | Capital de la República : |
| Resto del título | antecedentes, debates / |
| Mención de responsabilidad, etc. | Biblioteca del Congreso de la Nación. Dirección de Referencia Legislativa. |
| 260 ## - PUBLICACIÓN, DISTRIBUCIÓN, ETC. | |
| Lugar de publicación, distribución, etc. | Buenos Aires : |
| Nombre del editor, distribuidor, etc. | Talleres de la Imprenta del Congreso, |
| Fecha de publicación, distribución, etc. | 1986. |
| 300 ## - DESCRIPCIÓN FÍSICA | |
| Extensión | 3 volúmenes (357, 498, 310 páginas) |
| 336 ## - TIPO DE CONTENIDO | |
| Fuente | rdacontent |
| Código de tipo de contenido | texto |
| 337 ## - TIPO DE MEDIO | |
| Fuente | rdamedia |
| Código del tipo de medio | no mediado |
| 338 ## - TIPO DE SOPORTE | |
| Fuente | rdacarrier |
| Código del tipo de soporte | volumen |
| Estado de retiro | Estado de pérdida | Especificación de materiales (volumen encuadernado u otra parte) | Estado de conservación | Biblioteca actual | Ubicación en estantería | Signatura topográfica completa | Código de barras | Tipo de ítem Koha |
|---|---|---|---|---|---|---|---|---|
| Tomo I | Departamento Archivo Intermedio | Banco Nacional de Desarrollo | BND 1224 | BND-1224 | Libro | |||
| Tomo II | Departamento Archivo Intermedio | Banco Nacional de Desarrollo | BND 1225 | BND-1225 | Libro | |||
| Tomo III | Departamento Archivo Intermedio | Banco Nacional de Desarrollo | BND 1226 | BND-1226 | Libro |
